| 000 | 00516nam a22001577a 4500 | ||
|---|---|---|---|
| 003 | macl | ||
| 005 | 20190829124310.0 | ||
| 008 | 190829b xxu||||| |||| 00| 0 eng d | ||
| 040 | _cmacl | ||
| 082 | _a370 | ||
| 100 |
_aबधेका ,गिजुभाई _915235 |
||
| 245 | _aमाॅण्टेसरी शिक्षा -पद्वति | ||
| 260 |
_aगाजियाबाद _bक्रियेटिव बुक्स _c2018 |
||
| 650 |
_aशिक्षा _976451 |
||
| 942 |
_2ddc _cHIN |
||
| 999 |
_c60876 _d60876 |
||